000 00459nam a2200181Ia 4500
003 GCL
008 140319s9999 xx 000 0 eng d
040 _aGCL /
_cGCL
082 0 4 _a843
_bB B
100 1 _aBEAUMARCHAIS
245 1 0 _aLE BARBIER DE SEVILLE /
_cBEAUMARCHAIS
260 _a[S.N] :
_bLE LIVRE DE POCHE ،
_c1985
300 _a158 P
490 _aLE LIVRE DE POCHE
_v0
650 0 4 _aLITERATURE
650 0 4 _aFRENCH LITERATURE
942 _2ddc
_cBK
999 _c22852
_d22852